000 00411nam a22001697a 4500
999 _c12253
_d12253
008 220826b ||||| |||| 00| 0 eng d
020 _a9789386538994
082 _a813.4
_bBUR
100 _aBurnett, Frances Hodgson
245 _aThe secret garden
260 _aNew Delhi
_bFingerprints classics
_c2022
300 _a280p.
650 _aGardens
650 _aEngland
650 _aFriendship
942 _cBK